Geography of the Himalaya (Record no. 152411)

MARC details
000 -LEADER
fixed length control field 00511nam a22002057a 4500
003 - CONTROL NUMBER IDENTIFIER
control field dpl
005 - DATE AND TIME OF LATEST TRANSACTION
control field 20180530143023.0
008 - FIXED-LENGTH DATA ELEMENTS--GENERAL INFORMATION
fixed length control field 180530b xxu||||| |||| 00| 0 eng d
010 ## - LIBRARY OF CONGRESS CONTROL NUMBER
LC control number 785716
020 ## - INTERNATIONAL STANDARD BOOK NUMBER
Terms of availability 10.25
035 ## - SYSTEM CONTROL NUMBER
System control number 785716
040 ## - CATALOGING SOURCE
Transcribing agency 0
082 14 - DEWEY DECIMAL CLASSIFICATION NUMBER
Classification number 915.41
100 ## - MAIN ENTRY--PERSONAL NAME
Personal name Bose, S. C
245 1# - TITLE STATEMENT
Title Geography of the Himalaya
Statement of responsibility, etc by S. C. Bose
260 ## - PUBLICATION, DISTRIBUTION, ETC. (IMPRINT)
Place of publication, distribution, etc New Delhi
Name of publisher, distributor, etc National Book Trust
Date of publication, distribution, etc 1976
300 ## - PHYSICAL DESCRIPTION
Extent v, 211p.
Dimensions 20cm (Hb)
500 ## - GENERAL NOTE
General note Includes index
942 ## - ADDED ENTRY ELEMENTS (KOHA)
Institution code [OBSOLETE] dpl
Koha item type English Books
Call number prefix 915.41 / BOS
Source of classification or shelving scheme Dewey Decimal Classification
Holdings
Withdrawn status Lost status Source of classification or shelving scheme Damaged status Not for loan Collection code Home library Current library Date acquired Source of acquisition Cost, normal purchase price Total Checkouts Full call number Barcode Date last seen Cost, replacement price Price effective from Koha item type
    Dewey Decimal Classification     Non-fiction Shahdara Branch Shahdara Branch 30/05/2018 BPPD/PUB 0.00   915.41 BOS 785716 30/05/2018 0.00 30/05/2018 English Books

© Delhi Public Library
Hit Counter
free hit counter